[Event "GEO-ch Blitz"]
[Site "Tbilisi"]
[Date "2023.12.06"]
[Round "4"]
[White "Sanikidze, Tornike"]
[Black "Kuntelia, Luka"]
[Result "1-0"]
[WhiteElo "2449"]
[BlackElo "1738"]
[PlyCount "69"]
[EventDate "2023.12.05"]
[EventType "swiss (blitz)"]
[EventRounds "13"]
[EventCountry "GEO"]
[SourceTitle "CB50_2023"]
[SourceDate "2023.12.13"]
[SourceVersion "1"]
[SourceVersionDate "2023.12.13"]
[SourceQuality "1"]

1. d4 d5 2. c4 dxc4 3. e4 c5 4. d5 Nf6 5. Nc3 e6 6. Bxc4 exd5 7. Nxd5 Nxd5 8. Bxd5 Be7 9. Ne2 0-0 10. 0-0 Nd7 11. Bf4 Nf6 12. Nc3 Nxd5 13. Nxd5 Bd6 14. Qd2 Be6 15. Bxd6 Bxd5 16. Qxd5 Re8 17. Bxc5 Qh4 18. Rfe1 Rad8 19. Qxb7 Qg5 20. Bxa7 Re7 21. Be3 Qf6 22. Qb6 Re6 23. Qb3 h5 24. h3 Rxe4 25. a4 g5 26. Bb6 Rxe1+ 27. Rxe1 Rd2 28. Qc3 Qd6 29. Re8+ Kh7 30. Qh8+ Kg6 31. Rg8+ Kf5 32. Qh7+ Ke6 33. Qe4+ Kf6 34. Bd8+ Qxd8 35. Rxd8 1-0

[Event "EU-ch Hybrid U10"]
[Site "Tornelo INT"]
[Date "2021.10.15"]
[Round "9"]
[White "Kuntelia, Luka"]
[Black "Brzezina, Piotr"]
[Result "1-0"]
[WhiteElo "1241"]
[BlackElo "1418"]
[PlyCount "85"]
[EventDate "2021.10.15"]
[EventType "swiss"]
[EventRounds "9"]
[EventCountry "NET"]
[SourceTitle "EXT 2023"]
[Source "ChessBase"]
[SourceDate "2022.10.05"]
[SourceVersion "1"]
[SourceVersionDate "2022.10.05"]
[SourceQuality "1"]
[WhiteTeam "Georgia"]
[BlackTeam "Poland"]
[WhiteTeamCountry "GEO"]
[BlackTeamCountry "POL"]

1. e4 e5 2. Nf3 Nc6 3. Bc4 Bc5 4. Nc3 Nf6 5. d3 h6 6. Be3 Bb6 7. 0-0 d6 8. h3 0-0 9. Qd2 Kh7 10. Rad1 Be6 11. Bb3 Qc8 12. Kh2 Ba5 13. Qe2 Bb6 14. d4 exd4 15. Bxd4 Nxd4 16. Nxd4 Bxd4 17. Rxd4 Bxb3 18. axb3 Re8 19. f3 Qe6 20. Rfd1 a6 21. Qd3 Kg8 22. f4 Rac8 23. Re1 Nd7 24. b4 Red8 25. e5 Nb6 26. f5 Qe8 27. e6 fxe6 28. Rxe6 Qf7 29. Rg6 Nd7 30. Rdg4 Nf6 31. Rxg7+ Qxg7 32. Rxg7+ Kxg7 33. Qg3+ Kf7 34. Qg6+ Ke7 35. Qg7+ Ke8 36. Qxf6 Kd7 37. Qe6+ Kc6 38. f6 Re8 39. Qc4+ Kb6 40. f7 Rf8 41. Nd5+ Ka7 42. Nf6 b5 43. Qe6 1-0

[Event "EU-ch Hybrid U10"]
[Site "Tornelo INT"]
[Date "2021.10.15"]
[Round "3"]
[White "Pitsakis, Ilias"]
[Black "Kuntelia, Luka"]
[Result "0-1"]
[WhiteElo "1417"]
[BlackElo "1241"]
[PlyCount "106"]
[EventDate "2021.10.15"]
[EventType "swiss"]
[EventRounds "9"]
[EventCountry "NET"]
[SourceTitle "EXT 2023"]
[Source "ChessBase"]
[SourceDate "2022.10.05"]
[SourceVersion "1"]
[SourceVersionDate "2022.10.05"]
[SourceQuality "1"]
[WhiteTeam "Greece"]
[BlackTeam "Georgia"]
[WhiteTeamCountry "GRE"]
[BlackTeamCountry "GEO"]

1. d4 Nf6 2. Bf4 d5 3. e3 Bf5 4. c4 e6 5. Nc3 Nbd7 6. Qb3 dxc4 7. Bxc4 c5 8. Qxb7 cxd4 9. exd4 Rc8 10. Ba6 Rxc3 11. bxc3 Be4 12. Qxa7 Qa5 13. Ne2 Bxg2 14. Bc7 Qd5 15. c4 Bb4+ 16. Kd1 Qf3 17. c5 Bxh1 18. Qb7 Qxb7 19. Bxb7 Bxb7 20. Rb1 Bd5 21. Rxb4 0-0 22. a4 Bf3 23. Rb3 Bc6 24. Ra3 Ra8 25. a5 Ra6 26. Nc1 Nd5 27. Bd6 N7f6 28. Nd3 Nd7 29. Kd2 f6 30. f3 Kf7 31. Nc1 e5 32. Nb3 Ke6 33. Ra1 g5 34. h4 g4 35. fxg4 e4 36. Nc1 Bb5 37. Ne2 Kf7 38. Nc3 Nxc3 39. Kxc3 Ke6 40. Kb4 Bd3 41. Re1 Kd5 42. Bf4 Kxd4 43. Be3+ Kd5 44. g5 fxg5 45. hxg5 Ne5 46. Rh1 Ra7 47. Rh6 Rd7 48. Rh5 Rb7+ 49. Kc3 Bc4 50. Bf4 Ng6 51. Be3 Rb3+ 52. Kd2 Rd3+ 53. Ke2 Nf4+ 0-1

[Event "EU-ch Hybrid U10"]
[Site "Tornelo INT"]
[Date "2021.10.15"]
[Round "6"]
[White "Vyshegorodtsev, Svyatoslav"]
[Black "Kuntelia, Luka"]
[Result "0-1"]
[WhiteElo "1271"]
[BlackElo "1241"]
[PlyCount "140"]
[EventDate "2021.10.15"]
[EventType "swiss"]
[EventRounds "9"]
[EventCountry "NET"]
[SourceTitle "EXT 2023"]
[Source "ChessBase"]
[SourceDate "2022.10.05"]
[SourceVersion "1"]
[SourceVersionDate "2022.10.05"]
[SourceQuality "1"]
[WhiteTeam "Russia"]
[BlackTeam "Georgia"]
[WhiteTeamCountry "RUS"]
[BlackTeamCountry "GEO"]

1. d4 d5 2. c4 e6 3. Nf3 Nf6 4. Nc3 Be7 5. Bf4 0-0 6. e3 b6 7. cxd5 exd5 8. Bd3 Bb7 9. 0-0 Nbd7 10. Rc1 c5 11. Re1 Ne4 12. Bb5 Ndf6 13. Ne5 Rc8 14. f3 Nxc3 15. bxc3 a6 16. Bd3 b5 17. Bf5 Rc7 18. Qc2 Bd6 19. Bg5 h6 20. Bxf6 Qxf6 21. Nd7 Rxd7 22. Bxd7 g6 23. Qf2 c4 24. Rf1 Qe7 25. Bh3 b4 26. cxb4 Bxb4 27. Rb1 Bc6 28. g3 Ba5 29. Bg2 Re8 30. e4 Qa3 31. Kh1 Bb5 32. e5 Qe7 33. f4 Qe6 34. a4 Bc6 35. f5 Qxf5 36. Qxf5 gxf5 37. Rxf5 Bd7 38. Rf6 Be6 39. Rxh6 Bd2 40. Rf6 c3 41. Rff1 c2 42. Rbc1 Bxc1 43. Rxc1 Rb8 44. Rxc2 Rb1+ 45. Bf1 Rxf1+ 46. Kg2 Ra1 47. h4 Rxa4 48. Rd2 Bd7 49. Kf3 Rc4 50. g4 Rc6 51. g5 a5 52. h5 a4 53. Kf4 Ra6 54. Rg2 a3 55. Ra2 Kh7 56. g6+ fxg6 57. hxg6+ Kxg6 58. Rg2+ Kf7 59. Ra2 Ke6 60. Rh2 Ke7 61. Ra2 Bb5 62. Kf5 Bd3+ 63. Kf4 Bc4 64. Ra1 a2 65. Kf5 Bd3+ 66. Kf4 Bb1 67. Ke3 Ra4 68. Kd2 Rxd4+ 69. Kc3 Re4 70. Kd2 Rxe5 0-1